[Event "8. HK Mesterskab 2005"]
[Site "Farum"]
[Date "2005.10.21"]
[Round "6"]
[White "Christophersen, David"]
[Black "Pedersen, Christopher RNH"]
[Result "0-1"]
[WhiteElo "1512"]
[BlackElo "1798"]
[PlyCount "96"]
[EventDate "2005.10.??"]
[EventType "swiss"]
[EventRounds "7"]
[EventCountry "DEN"]

1. c4 g6 2. g3 Bg7 3. Bg2 d6 4. Nf3 Nf6 5. O-O O-O 6. Nc3 Nc6 7. d3 e5 8. Be3
Ng4 9. Nd5 Ne7 10. Bg5 f6 11. Nxe7+ Qxe7 12. Bd2 f5 13. Qc1 Nf6 14. Bg5 c6 15.
Ne1 Qc7 16. f4 Qb6+ 17. Kh1 Ng4 18. c5 Qxc5 19. Qxc5 dxc5 20. Be7 Re8 21. Bxc5
exf4 22. h3 Ne3 23. Rxf4 Nxg2 24. Nxg2 Rxe2 25. Bd4 g5 26. Rf2 Rxf2 27. Bxf2
Bxb2 28. Re1 Kf7 29. Bc5 Bf6 30. Ne3 b6 31. Bd6 Be6 32. Rc1 c5 33. Bxc5 bxc5
34. Rxc5 Rc8 35. Ra5 Kg6 36. Rxa7 f4 37. gxf4 gxf4 38. Ra6 Re8 39. Ng4 Bxg4 40.
hxg4 Rd8 41. Ra3 Kg5 42. Kg2 Kxg4 43. Rb3 Ra8 44. a3 Bd4 45. Rb4 Bc5 46. Rb7
Ra7 47. Rb8 f3+ 48. Kf1 Rxa3 0-1

[Event "8. HK Mesterskab 2005"]
[Site "Farum"]
[Date "2005.10.21"]
[Round "6"]
[White "Thomsen, Kurt"]
[Black "Bostrup, Thomas Due"]
[Result "0-1"]
[WhiteElo "1851"]
[BlackElo "1721"]
[PlyCount "90"]
[EventDate "2005.10.??"]
[EventType "swiss"]
[EventRounds "7"]
[EventCountry "DEN"]

1. d4 Nf6 2. c4 g6 3. Nc3 Bg7 4. e4 d6 5. f3 O-O 6. Be3 Na6 7. Qd2 c5 8. Nge2
Bd7 9. O-O-O cxd4 10. Nxd4 Nc5 11. Be2 a6 12. g4 b5 13. Nb3 Nxb3+ 14. axb3 b4
15. Na2 a5 16. e5 Ne8 17. exd6 exd6 18. Bd4 Bxd4 19. Qxd4 Bc6 20. h4 Qe7 21.
Rh2 Ng7 22. Qxd6 Qe3+ 23. Qd2 Qxb3 24. Kb1 Bxf3 25. Bxf3 Qxf3 26. h5 Qxg4 27.
hxg6 Qxg6+ 28. Ka1 Ra6 29. Rdh1 Rd6 30. Qf4 Rfd8 31. Nc1 h5 32. Qf3 Rf6 33. Qe2
Qf5 34. Rg2 Rg6 35. Rf2 Qg4 36. Qc2 a4 37. Rhf1 b3 38. Qc3 f5 39. Rf4 Qg2 40.
R4f2 Qe4 41. Re2 Qc6 42. Ref2 Rg2 43. Rf3 Qe4 44. Nd3 Qe2 45. c5 Rxd3 0-1

[Event "8. HK Mesterskab 2005"]
[Site "Farum"]
[Date "2005.10.21"]
[Round "6"]
[White "Hansen, Torben"]
[Black "Rasmussen, Ole"]
[Result "0-1"]
[WhiteElo "1603"]
[BlackElo "1613"]
[PlyCount "92"]
[EventDate "2005.10.??"]
[EventType "swiss"]
[EventRounds "7"]
[EventCountry "DEN"]

1. e4 c5 2. f4 Nc6 3. Nf3 g6 4. Bc4 e6 5. Nc3 Bg7 6. O-O Nge7 7. Qe1 O-O 8. Qh4
d5 9. Be2 Nd4 10. d3 Nec6 11. Qg3 dxe4 12. dxe4 Nxc2 13. Rb1 N2d4 14. e5 Nxf3+
15. Bxf3 Nd4 16. Kh1 Nf5 17. Qh3 Qe7 18. Be4 Rd8 19. Be3 Rb8 20. Rbd1 Bd7 21.
Bc2 Bc6 22. Be4 Be8 23. g4 Nxe3 24. Qxe3 b5 25. Bg2 f5 26. gxf5 gxf5 27. Rg1 b4
28. Ne2 Kh8 29. Bf3 a5 30. Rc1 Rbc8 31. Rg5 Bh6 32. Rg3 Bc6 33. Rh3 Bxf3+ 34.
Qxf3 Bf8 35. Ng3 c4 36. Nh5 Rd3 37. Qg2 Rxh3 38. Qxh3 Qb7+ 39. Kg1 Bc5+ 40. Kf1
Qh1+ 41. Ke2 Qxc1 42. Nf6 Qc2+ 43. Ke1 Qf2+ 44. Kd1 Rd8+ 45. Kc1 Be3+ 46. Kb1
Rd1# 0-1

[Event "8. HK Mesterskab 2005"]
[Site "Farum"]
[Date "2005.10.21"]
[Round "6"]
[White "Palvig, David"]
[Black "Noer, Martin Stampe"]
[Result "0-1"]
[WhiteElo "1171"]
[BlackElo "1804"]
[PlyCount "54"]
[EventDate "2005.10.??"]
[EventType "swiss"]
[EventRounds "7"]
[EventCountry "DEN"]

1. Nf3 Nf6 2. c4 c6 3. Nc3 d5 4. c5 d4 5. Na4 e6 6. b4 b6 7. Bb2 b5 8. Nxd4
bxa4 9. Qxa4 Qc7 10. g3 Be7 11. Bg2 Nd5 12. e4 Nf6 13. Nxc6 Qxc6 14. Qxc6+ Nxc6
15. e5 Nd5 16. b5 Ncb4 17. O-O Bxc5 18. Ba3 Bd7 19. Rab1 Rc8 20. Bxd5 Nxd5 21.
Bxc5 Rxc5 22. Rfc1 Rxc1+ 23. Rxc1 Ke7 24. a4 Rc8 25. Rxc8 Bxc8 26. f4 Nb6 27.
a5 Nc4 0-1

[Event "8. HK Mesterskab 2005"]
[Site "Farum"]
[Date "2005.10.21"]
[Round "6"]
[White "Petersen, Jan"]
[Black "Hein, Jacob"]
[Result "1-0"]
[WhiteElo "1322"]
[BlackElo "1390"]
[PlyCount "87"]
[EventDate "2005.10.??"]
[EventType "swiss"]
[EventRounds "7"]
[EventCountry "DEN"]

1. d4 Nf6 2. c4 g6 3. Nc3 Bg7 4. Nf3 O-O 5. Bf4 Re8 6. e3 d6 7. Be2 Nbd7 8. O-O
Nf8 9. Re1 c6 10. Rc1 Ne6 11. Bg5 Nxg5 12. Nxg5 h6 13. Nge4 Bf5 14. Bd3 Nh7 15.
Qc2 Kh8 16. Ng3 e6 17. e4 Bg4 18. Nce2 Ng5 19. Qd2 Qf6 20. Qf4 Qxf4 21. Nxf4
Bxd4 22. Nge2 Bb6 23. Kh1 e5 24. f3 Nxf3 25. gxf3 Bxf3+ 26. Ng2 f5 27. Nc3 Rg8
28. Rf1 Be3 29. Rc2 fxe4 30. Bxe4 Bxg2+ 31. Rxg2 Raf8 32. Rxf8 Rxf8 33. Rxg6
Rf1+ 34. Kg2 Rg1+ 35. Kf3 Rxg6 36. Bxg6 Bd4 37. Nd1 Kg7 38. Be4 a5 39. b3 Kf6
40. Ne3 Kg5 41. Nf5 Bc5 42. h4+ Kh5 43. Kg3 Bb4 44. Ng7# 1-0

[Event "8. HK Mesterskab 2005"]
[Site "Farum"]
[Date "2005.10.21"]
[Round "6"]
[White "Jorgensen, Orla Eilegaard"]
[Black "Pedersen, Leif"]
[Result "1-0"]
[WhiteElo "1595"]
[BlackElo "1286"]
[PlyCount "65"]
[EventDate "2005.10.??"]
[EventType "swiss"]
[EventRounds "7"]
[EventCountry "DEN"]

1. e4 b6 2. d4 e6 3. Nf3 f6 4. c4 Bb7 5. Nc3 Bb4 6. Bd3 Ne7 7. Nh4 d6 8. Qh5+
Kd7 9. Qb5+ Nec6 10. d5 Ba6 11. dxc6+ Nxc6 12. Qxa6 Bxc3+ 13. bxc3 Ne5 14. c5
c6 15. cxd6 Kxd6 16. Ba3+ Kc7 17. O-O-O Qc8 18. Qxc8+ Rhxc8 19. Ba6 Rd8 20.
Rxd8 Rxd8 21. Rd1 b5 22. Rxd8 Kxd8 23. Kc2 Ng4 24. f3 Nxh2 25. c4 Nf1 26. cxb5
Ng3 27. Bd6 e5 28. Nf5 Nxf5 29. exf5 Kd7 30. Bc5 cxb5 31. Bxb5+ Kc7 32. Bxa7
Kd6 33. a4 1-0

[Event "8. HK Mesterskab 2005"]
[Site "Farum"]
[Date "2005.10.22"]
[Round "7"]
[White "Bostrup, Thomas Due"]
[Black "Noer, Martin Stampe"]
[Result "1-0"]
[WhiteElo "1721"]
[BlackElo "1804"]
[PlyCount "71"]
[EventDate "2005.10.??"]
[EventType "swiss"]
[EventRounds "7"]
[EventCountry "DEN"]

1. d4 d5 2. c4 c6 3. Nc3 Nf6 4. cxd5 cxd5 5. Bg5 e6 6. e3 Be7 7. Nf3 Nc6 8. a3
a6 9. Bd3 O-O 10. O-O b5 11. Qc2 b4 12. Bxf6 Bxf6 13. Na4 Bd7 14. Bxh7+ Kh8 15.
Bd3 bxa3 16. bxa3 e5 17. dxe5 Nxe5 18. Nxe5 Bxe5 19. Rac1 Bxh2+ 20. Kxh2 Qh4+
21. Kg1 Bxa4 22. Qc5 Bb3 23. Bxa6 Rfd8 24. Bd3 d4 25. exd4 Rxd4 26. Qf5 Be6 27.
Qb5 Rd5 28. Rc5 Rad8 29. Rxd5 Bxd5 30. Re1 Be6 31. Bf5 Bxf5 32. Qxf5 g6 33.
Qxf7 Rg8 34. Re3 Rg7 35. Qe8+ Rg8 36. Qe5+ 1-0